Austria Squad Euro 2024 - Statistics

General Stats
  • This quiz has been taken 103 times
    95 since last reset
  • The average score is 13 of 26
Answer Stats
Club Position Answer % Correct
Bayern Munich MF Konrad Laimer
99%
Borussia Dortmund MF Marcel Sabitzer
96%
Inter Milan FW Marko Arnautovic
96%
Lens DF Kevin Danso
76%
RB Leipzig MF Christoph Baumgartner
75%
Bologna DF Stefan Posch
73%
Feyenoord DF Gernot Trauner
67%
Brondby GK Patrick Pentz
67%
Borussia Monchengladbach DF Maximilian Wober
61%
RB Leipzig MF Nicolas Seiwald
58%
Mainz DF Phillipp Mwene
57%
Freiburg FW Michael Gregoritsch
55%
Werder Bremen MF Romano Schmid
51%
Wolfsburg MF Patrick Wimmer
48%
Hoffenheim MF Florian Grillitsch
37%
Freiburg DF Philipp Lienhart
37%
Koln MF Florian Kainz
33%
Sturm Graz MF Alexander Prass
30%
West Brom FW Andreas Weimann
24%
Rapid Vienna GK Niklas Hedl
21%
Union SG GK Heinz Lindner
19%
RB Salzburg DF Flavius Daniliuc
18%
Rapid Vienna MF Matthias Seidl
16%
Rapid Vienna DF Leopold Querfeld
15%
Hartberg FW Maximilian Entrup
15%
Rapid Vienna MF Marco Grull
12%
No matching quizzes found
Score Distribution
Percent of People with Each Score
Percentile by Number Answered
Your Score History
You have not taken this quiz since the last reset